Vida y doctrina de los grandes economistas; tomo 1 /
Guardado en:
| Autor Principal: | |
|---|---|
| Formato: | Libro |
| Publicado: |
España :
Orbis, 0
|
| Materias: | |
| Etiquetas: |
Agregar Etiqueta
Sin Etiquetas, Sea el primero en etiquetar este registro!
|
| LEADER | 00683nam a22001815a 4500 | ||
|---|---|---|---|
| 001 | CEM.cems003187 | ||
| 005 | 19000101000000.0 | ||
| 008 | 130507b######################000#0#####d | ||
| 003 | CEMS | ||
| 082 | 0 | 4 | |a 330.15 |
| 100 | 1 | |a Heilbroner, Robert L. | |
| 245 | 1 | 0 | |a Vida y doctrina de los grandes economistas; tomo 1 / |c Robert L. Heilbroner |
| 260 | |a España : |b Orbis, 0 | ||
| 300 | |a 251 p. | ||
| 505 | 0 | |a Teoria de Marx; puede sobrevivir el capitalismo?; puede funcionar el socialismo?; socialismo y democracia; bosquejo historico de los partidos socialistas | |
| 653 | |a Economia-doctrinas | ||
| 653 | |a Economia-historia | ||
| 859 | |a CEMS |b BIB. CEMS - 11 de abril |h 330.15 |i H362/1 |p 13141.84 |t Ej.1 | ||
